00741cam a22002654a 450000100090000000300040000900500170001300800410003001000170007102000150008802000180010304000180012104200080013905000240014708200120017110000340018324500660021724600470028325000120033026000550034230000290039752100080042665000220043465000190045613737356OSt20140310182736.0041001s2006 caua 001 0 eng  a 2004060029 a9812471308 a9789812471307 aDLCcDLCdDLC apcc00aQP 34.5b.M264 200400a6122221 aMarieb, Elaine Nicpon,d1936-10aEssentials of human anatomy & physiology /cElaine N. Marieb.3 aEssentials of human anatomy and physiology a7th ed. aSan Francisco :bPearson/Benjamin Cummings,c2004. a588 p. :bill. ;c28 cm. aNUR 0aHuman physiology. 0aHuman anatomy.